[Event "4th ChessMates Murmansk 2020"]
[Site "Murmansk"]
[Date "2020.03.13"]
[Round "2.7"]
[White "Blokhin, Sofia"]
[Black "Baranov, Ivan"]
[Result "1-0"]
[WhiteElo "1854"]
[BlackElo "1671"]
[Annotator "NA RC"]
[PlyCount "77"]
[EventDate "2020.03.13"]
[EventType "team-tourn"]
[EventCountry "RUS"]
[SourceTitle "playchess.com"]
[Source "ChessBase"]
[SourceQuality "1"]
[TimeControl "5400+30"]

1. e4 {[%emt 0:00:00]} c5 {[%emt 0:00:00]} 2. Nf3 {[%emt 0:00:00]} Nc6 {[%emt 0:00:00]} 3. d4 {[%emt 0:00:00]} cxd4 {[%emt 0:00:00]} 4. Nxd4 {[%emt 0:00:00]} e5 {[%emt 0:00:00]} 5. Nb5 {[%emt 0:00:09]} d6 {[%emt 0:00:00]} 6. N1c3 {[%emt 0:00:14]} a6 {[%emt 0:00:00]} 7. Na3 {[%emt 0:00:09]} b5 {[%emt 0:00:00]} 8. Nd5 {[%emt 0:00:10]} Nge7 {[%emt 0:00:06]} 9. c4 {[%emt 0:02:00]} Nxd5 {[%emt 0:00:06]} 10. exd5 {[%emt 0:03:33]} Nd4 {[%emt 0:00:44]} 11. cxb5 {[%emt 0:02:36]} Be7 {[%emt 0:01:23]} 12. bxa6 {[%emt 0:02:52] B32: Sicilian: Löwenthal and Kalashnikov Variations.} O-O {[%emt 0:02:02]} 13. Bc4 {[%emt 0:02:07]} Bxa6 {[%emt 0:02:03]} 14. O-O {[%emt 0:04:16] [#]} Bxc4 $146 {[%emt 0:06:11]} ({Predecessor:} 14... Qb6 15. b3 Qc5 16. Bb2 Rfb8 17. Qd3 Bxc4 18. Nxc4 Qxd5 19. Rfd1 Bf6 20. Ne3 Qe6 {1-0 (66) Areshchenko,A (2625)-Maze,S (2494) Aarhus 2005}) 15. Nxc4 {[%emt 0:00:09]} Qc7 {[%emt 0:00:18]} 16. Ne3 {[%emt 0:01:53]} f5 {[%emt 0:02:07]} 17. f4 {[%emt 0:01:39]} Bf6 {[%emt 0:05:59]} 18. fxe5 {[%emt 0:01:52]} Bxe5 {[%emt 0:00:28]} 19. Bd2 {[%emt 0:02:22]} f4 {[%emt 0:22:42]} 20. Ng4 {[%emt 0:02:12]} Qb6 {[%emt 0:00:46]} 21. Rf2 {[%emt 0:05:26]} f3 {[%emt 0:11:31]} 22. Be3 {[%emt 0:03:22]} fxg2 {[%emt 0:03:27]} 23. Rxg2 {[%emt 0:00:26]} Kh8 {[%emt 0:08:56]} 24. Rd2 {[%emt 0:02:00]} Nf3+ $2 {[%emt 0:10:36]} (24... h5 $16) 25. Qxf3 {[%emt 0:01:48]} Qb4 {[%emt 0:08:55]} 26. Qg2 {[%emt 0:01:40]} Bf4 {[%emt 0:01:34]} 27. Rc1 {[%emt 0:04:03]} h5 {[%emt 0:04:19]} 28. a3 {[%emt 0:02:41]} Bxe3+ {[%emt 0:05:54]} 29. Nxe3 {[%emt 0:00:20]} Qf4 {[%emt 0:00:35]} 30. Qg3 {[%emt 0:01:32]} Qh6 {[%emt 0:00:50]} 31. Rg2 {[%emt 0:03:13]} h4 {[%emt 0:01:54]} 32. Qg5 {[%emt 0:00:48]} Kh7 {[%emt 0:00:59] [#]} 33. Rc7 $1 {[%emt 0:00:46]} Qxg5 {[%emt 0:00:55]} 34. Rxg5 {[%emt 0:00:12]} Rae8 {[%emt 0:00:25]} 35. Rcxg7+ {[%emt 0:01:32]} Kh8 {[%emt 0:00:17]} 36. R7g6 {[%emt 0:00:38]} Kh7 {[%emt 0:00:15]} 37. Ng4 {[%emt 0:01:01]} Re1+ {[%emt 0:01:05]} 38. Kg2 {[%emt 0:00:08]} Re2+ {[%emt 0:00:11]} 39. Kh3 {[%emt 0:00:09]} 1-0

[Event "4th ChessMates Murmansk 2020"]
[Site "Murmansk"]
[Date "2020.03.13"]
[Round "2.8"]
[White "Chervyakova, Tatiana"]
[Black "Smirnova, Jekaterina"]
[Result "1/2-1/2"]
[WhiteElo "1489"]
[BlackElo "1439"]
[Annotator "NA RC"]
[PlyCount "89"]
[EventDate "2020.03.13"]
[EventType "team-tourn"]
[EventCountry "RUS"]
[SourceTitle "playchess.com"]
[Source "ChessBase"]
[SourceQuality "1"]
[TimeControl "5400+30"]

1. d4 {[%emt 0:00:00]} Nf6 {[%emt 0:00:00]} 2. c4 {[%emt 0:00:00]} e6 {[%emt 0:00:00]} 3. Nf3 {[%emt 0:00:03]} c5 {[%emt 0:00:00]} 4. e3 {[%emt 0:00:05]} Be7 {[%emt 0:03:37]} 5. Be2 {[%emt 0:00:07]} O-O {[%emt 0:01:46]} 6. O-O {[%emt 0:00:21]} d5 {[%emt 0:01:05]} 7. Nc3 {[%emt 0:00:53]} cxd4 {[%emt 0:00:39]} 8. exd4 {[%emt 0:01:31]} Nc6 {[%emt 0:00:19]} 9. h3 {[%emt 0:01:27]} dxc4 {[%emt 0:00:27]} 10. Bxc4 {[%emt 0:00:59]} Nd5 {[%emt 0:00:50]} 11. Bd2 {[%emt 0:04:48]} Nb6 {[%emt 0:07:37]} 12. Bb5 {[%emt 0:00:58]} Nxd4 {[%emt 0:09:22]} 13. Nxd4 {[%emt 0:00:37]} Qxd4 {[%emt 0:00:05]} 14. Be3 {[%emt 0:00:27]} Qb4 {[%emt 0:01:28]} 15. Bxb6 {[%emt 0:01:07]} axb6 {[%emt 0:00:11]} 16. Qe2 {[%emt 0:01:27]} Bf6 {[%emt 0:01:36]} 17. a3 {[%emt 0:00:47]} Qe7 {[%emt 0:00:28]} 18. Rac1 {[%emt 0:04:00]} Rd8 {[%emt 0:02:14]} 19. Rfd1 {[%emt 0:02:21]} Bd7 {[%emt 0:02:07]} 20. Ne4 {[%emt 0:02:26]} Bxb5 {[%emt 0:03:01]} 21. Nxf6+ {[%emt 0:03:41]} Qxf6 {[%emt 0:00:10]} 22. Qxb5 {[%emt 0:00:16]} Rxd1+ {[%emt 0:01:30]} 23. Rxd1 {[%emt 0:00:37]} Rd8 {[%emt 0:01:02]} 24. Rd7 {[%emt 0:02:50]} Rxd7 {[%emt 0:00:55]} 25. Qxd7 {[%emt 0:00:10]} g6 {[%emt 0:00:09]} 26. Qxb7 {[%emt 0:01:33]} Qxb2 {[%emt 0:00:12]} 27. Qb8+ {[%emt 0:00:48]} Kg7 {[%emt 0:00:06]} 28. a4 {[%emt 0:02:51]} Qd4 {[%emt 0:01:30]} 29. Qc7 {[%emt 0:04:40]} Qd1+ {[%emt 0:03:21]} 30. Kh2 {[%emt 0:00:21]} Qxa4 {[%emt 0:00:36]} 31. Qxb6 {[%emt 0:01:58]} Qf4+ {[%emt 0:00:16]} 32. g3 {[%emt 0:00:49]} Qd2 {[%emt 0:00:16]} 33. Qc5 {[%emt 0:02:10]} Qb2 {[%emt 0:01:03]} 34. Qe3 {[%emt 0:03:48]} e5 {[%emt 0:05:49]} 35. Kg2 {[%emt 0:02:43]} Qb7+ {[%emt 0:00:18]} 36. Kh2 {[%emt 0:00:29]} Qd5 {[%emt 0:01:34]} 37. Qa3 {[%emt 0:06:33]} Qd2 {[%emt 0:08:12]} 38. Kg2 {[%emt 0:01:09]} Qd5+ {[%emt 0:02:54]} 39. Kh2 {[%emt 0:00:34]} Qd4 {[%emt 0:00:32]} 40. Kg2 {[%emt 0:01:44]} h5 {[%emt 0:01:20]} 41. h4 {[%emt 0:04:27]} Qd7 {[%emt 0:05:08]} 42. Qc5 {[%emt 0:03:35]} Qd4 {[%emt 0:01:36]} 43. Qa3 {[%emt 0:06:15]} Qd5+ {[%emt 0:00:15]} 44. Kh2 {[%emt 0:00:12]} Qd7 {[%emt 0:00:06]} 45. Kg2 {[%emt 0:06:10]} 1/2-1/2

[Event "4th ChessMates Murmansk 2020"]
[Site "Murmansk"]
[Date "2020.03.13"]
[Round "2.9"]
[White "Mertins, Ostap"]
[Black "Filimonov, Viktor"]
[Result "0-1"]
[WhiteElo "1375"]
[BlackElo "1481"]
[Annotator "NA"]
[PlyCount "114"]
[EventDate "2020.03.13"]
[EventType "team-tourn"]
[EventCountry "RUS"]
[SourceTitle "playchess.com"]
[Source "ChessBase"]
[SourceQuality "1"]
[TimeControl "5400+30"]

1. e4 {[%emt 0:00:00]} c6 {[%emt 0:00:00]} 2. Nf3 {[%emt 0:00:00]} d5 {[%emt 0:00:00]} 3. Nc3 {[%emt 0:00:00]} Bg4 {[%emt 0:00:19]} 4. h3 {[%emt 0:01:01]} Bxf3 {[%emt 0:00:25]} 5. Qxf3 {[%emt 0:00:13]} e6 {[%emt 0:00:50]} 6. exd5 {[%emt 0:03:10]} cxd5 {[%emt 0:00:19]} 7. d4 {[%emt 0:02:07]} Nc6 {[%emt 0:00:31]} 8. Bb5 {[%emt 0:04:55]} Nf6 {[%emt 0:03:00]} 9. O-O {[%emt 0:02:33]} Be7 {[%emt 0:00:37]} 10. Qg3 {[%emt 0:06:10]} O-O {[%emt 0:03:58]} 11. Bh6 {[%emt 0:03:42]} Ne8 {[%emt 0:00:18]} 12. Bxc6 {[%emt 0:03:36]} bxc6 {[%emt 0:00:49]} 13. Bf4 {[%emt 0:04:30]} Nd6 {[%emt 0:01:39]} 14. Bxd6 {[%emt 0:04:35]} Bxd6 {[%emt 0:00:22]} 15. Qe3 {[%emt 0:03:52]} Rb8 {[%emt 0:01:00]} 16. b3 {[%emt 0:01:31]} Qc7 {[%emt 0:02:04]} 17. a4 {[%emt 0:05:48]} e5 {[%emt 0:02:03]} 18. dxe5 {[%emt 0:07:39]} Bxe5 {[%emt 0:00:21]} 19. Rae1 {[%emt 0:02:15]} Rfe8 {[%emt 0:02:36]} 20. f4 {[%emt 0:04:39]} Bd6 {[%emt 0:02:41]} 21. Qxe8+ {[%emt 0:01:44]} Rxe8 {[%emt 0:00:07]} 22. Rxe8+ {[%emt 0:00:06]} Bf8 {[%emt 0:00:04]} 23. g3 {[%emt 0:04:43]} f6 {[%emt 0:00:55]} 24. Rfe1 {[%emt 0:01:59]} Kf7 {[%emt 0:01:05]} 25. Na2 {[%emt 0:03:16]} Qb6+ {[%emt 0:01:31]} 26. Kg2 {[%emt 0:00:38]} Qc5 {[%emt 0:00:58]} 27. R8e2 {[%emt 0:00:54]} d4 {[%emt 0:01:26]} 28. Nc1 {[%emt 0:01:30]} Qd5+ {[%emt 0:01:14]} 29. Kh2 {[%emt 0:00:51]} Bb4 {[%emt 0:01:26]} 30. Rf1 {[%emt 0:01:42]} Bd6 {[%emt 0:02:49]} 31. Nd3 {[%emt 0:00:50]} c5 {[%emt 0:01:21]} 32. Nb2 {[%emt 0:01:38]} g5 {[%emt 0:06:07]} 33. Nc4 {[%emt 0:03:01]} Bf8 {[%emt 0:05:07]} 34. fxg5 {[%emt 0:01:05]} Qxg5 {[%emt 0:00:20]} 35. Ne5+ {[%emt 0:00:47]} Kg7 {[%emt 0:01:01]} 36. Ng4 {[%emt 0:03:49]} f5 {[%emt 0:04:24]} 37. Ne5 {[%emt 0:04:22]} Bd6 {[%emt 0:01:01]} 38. Rg1 {[%emt 0:02:35]} h5 {[%emt 0:09:40]} 39. Nc4 {[%emt 0:00:57]} Bc7 {[%emt 0:02:41]} 40. Re6 {[%emt 0:00:56]} Kf7 {[%emt 0:03:41]} 41. Rc6 {[%emt 0:02:38]} Qe7 {[%emt 0:00:40]} 42. Rh6 {[%emt 0:00:59]} Kg7 {[%emt 0:00:18]} 43. Ra6 {[%emt 0:03:12]} h4 {[%emt 0:01:00]} 44. a5 hxg3+ {[%emt 0:01:33]} 45. Rxg3+ {[%emt 0:03:41]} Bxg3+ {[%emt 0:01:12]} 46. Kxg3 {[%emt 0:00:15]} Qb7 {[%emt 0:03:36]} 47. Re6 {[%emt 0:01:01]} Qd7 {[%emt 0:03:05]} 48. Re1 {[%emt 0:01:10]} Kf6 {[%emt 0:01:02]} 49. Kf4 {[%emt 0:00:59]} Qh7 {[%emt 0:01:03]} 50. Kg3 {[%emt 0:00:39]} Qg6+ {[%emt 0:00:59]} 51. Kf3 {[%emt 0:00:26]} Qh5+ {[%emt 0:00:08]} 52. Kg3 {[%emt 0:00:17]} f4+ {[%emt 0:00:27]} 53. Kh2 {[%emt 0:00:24]} Qh4 {[%emt 0:00:49]} 54. Rg1 {[%emt 0:00:45]} f3 {[%emt 0:00:45]} 55. Rf1 {[%emt 0:00:27]} Qf4+ {[%emt 0:00:18]} 56. Kh1 {[%emt 0:00:19]} Qg3 {[%emt 0:00:09]} 57. Nd2 {[%emt 0:01:05]} Qg2# 0-1

[Event "4th ChessMates Murmansk 2020"]
[Site "Murmansk"]
[Date "2020.03.13"]
[Round "2.11"]
[White "Galchenko, Matvey"]
[Black "Karapetyan, Tigran"]
[Result "1-0"]
[WhiteElo "2424"]
[BlackElo "1823"]
[Annotator "TA"]
[PlyCount "83"]
[EventDate "2020.03.13"]
[EventType "team-tourn"]
[EventCountry "RUS"]
[SourceTitle "playchess.com"]
[Source "ChessBase"]
[SourceQuality "1"]

{[%evp 9,83,10,8,-16,12,-20,-1,-8,22,25,35,26,36,0,22,-13,4,-14,-13,-9,-21,-37,0,0,0,0,39,9,2,18,82,65,100,109,126,84,124,115,126,120,138,135,244,244,257,159,451,428,452,437,458,444,477,430,393,225,242,207,261,230,231,222,332,327,340,336,296,295,272,266,272,267,552,543,29985,29983]} 1. f4 d5 2. Nf3 e6 3. g3 Nf6 4. Bg2 b6 5. O-O Bb7 6. d3 {A03: Bird's Opening with 1...d5.} Nbd7 7. Nc3 Be7 8. Qe1 {The position is equal.} c5 9. e4 dxe4 10. dxe4 O-O 11. h3 Qc7 {[#]} 12. g4 $146 ({Predecessor:} 12. f5 exf5 13. Bf4 Qc8 14. exf5 Re8 15. Qd1 Nh5 16. Bd6 Bxd6 17. Qxd6 Qc6 18. Rad1 Qxd6 19. Rxd6 {1-0 (41) Grasso,G (2095)-Gelardi,D (1929) Erice 2016}) 12... c4 13. e5 Nd5 14. Nxd5 Bxd5 15. Bd2 f5 16. gxf5 Rxf5 17. Kh2 Nc5 18. Nd4 Bxg2 19. Kxg2 Rh5 (19... Qb7+ $11 20. Kh2 Rf7) 20. Qe2 $36 {[%mdl 2048] White has good play.} Qb7+ 21. Kh2 Rh4 22. Nf3 Rh5 23. Qxc4 Rd8 24. Rad1 b5 {[#]} 25. Qe2 $1 Ne4 (25... a6 $16 26. Nd4 g6) 26. Be3 $18 Rc8 27. Rg1 {Hoping for Nd4.} Bh4 $2 {Black cannot hold the game after this.} (27... g6 $16 28. c3 b4) 28. Nd4 Qf7 29. Qf3 Nc5 30. Rg2 Be7 31. Rdg1 Bf8 32. b4 (32. Nxb5 $142 Nd7 33. Nxa7) 32... Nd7 33. Bd2 ({Worse is} 33. Nxb5 Nxe5 34. Qe4 Rc4 $11) 33... Kh8 34. Qg4 Rh6 35. c3 Rc4 (35... Nb6 $142 36. Nxb5 Nc4) 36. Qe2 {Threatens to win with f5.} Rh4 37. Rg3 ({But not} 37. Nxb5 Qf5 $18) 37... a6 38. R1g2 Nb6 39. Nf3 Rh5 40. Ng5 Qe8 $2 {[#]} (40... Rxg5 {is a better defense.} 41. fxg5 g6) 41. Nxe6 $1 {[%mdl 576] Discovered Attack} g6 {[#]} (41... Qxe6 42. Qxh5) 42. Qxh5 $1 {[%mdl 512] Accuracy: White = 69%, Black = 42%.} 1-0

[Event "4th ChessMates Murmansk 2020"]
[Site "Murmansk"]
[Date "2020.03.13"]
[Round "2.12"]
[White "Illina, Natalia"]
[Black "Klukin, Kirill"]
[Result "0-1"]
[WhiteElo "2081"]
[BlackElo "2304"]
[Annotator "TA"]
[PlyCount "66"]
[EventDate "2020.03.13"]
[EventType "team-tourn"]
[EventCountry "RUS"]
[SourceTitle "playchess.com"]
[Source "ChessBase"]
[SourceQuality "1"]

{[%evp 21,66,0,-6,-15,-8,-59,-62,-98,-72,-89,-85,-90,-74,-83,-77,-71,-72,-252,-251,-241,-234,-222,-245,-244,-243,-283,-218,-217,-216,-212,-209,-287,-297,-292,-292,-332,-313,-417,-394,-408,-357,-547,-503,-631,-627,-1052,-1022]} 1. e4 c5 2. Nf3 Nc6 3. Bb5 d6 4. d4 cxd4 5. Qxd4 Bd7 6. Bxc6 Bxc6 7. Nc3 h6 8. Be3 e5 9. Qd3 Nf6 10. Rd1 Be7 11. O-O O-O 12. Rfe1 {[#] B53: Sicilian: 2...d6: Lines with Qxd4.} b5 $146 {[%cal Bb7b5,Bb5b4][%mdl 32] next ...b4 is good for Black.} ({Predecessor:} 12... Re8 13. Bc1 Bf8 14. b3 Qa5 15. a3 a6 16. b4 Qc7 17. Nd2 Rac8 18. Bb2 Red8 19. Qe3 d5 20. exd5 Bxd5 {1-0 (58) Janev,E (2511)-Van Eijk,S (2372) Amantea 2011}) 13. Bc1 (13. Bxh6 $11 gxh6 {[#]} 14. Nxe5 $1 {[%mdl 512]}) 13... b4 14. Nb1 {[%cal Bc3b1,Bb1d2,Bd2b3,Bb3a5][%mdl 32] Black is slightly better.} Qb6 15. c3 Qb7 {[%cal Rc6e4]} 16. Nbd2 bxc3 17. bxc3 Ba4 18. Nb3 Rfc8 $36 {[%mdl 2048] Black is really pushing.} 19. Bd2 $2 (19. c4 $17) 19... Bb5 $19 20. Qb1 Bc6 {[%cal Rc6e4]} 21. Na5 Qxb1 22. Rxb1 Bxe4 23. Rb4 Bd5 24. c4 Bd8 {White must now prevent ...Bxf3.} 25. cxd5 Bxa5 26. Rb5 Bxd2 27. Nxd2 Rc2 28. Rd1 Rac8 {aiming for ...Rxd2!} ({Resist} 28... Rxa2 29. Nc4 $19) 29. f4 e4 30. Nf1 Rxa2 31. Ne3 (31. Rbb1 {is a better defense.}) 31... Rc3 {Black is clearly winning.} 32. Rb8+ Kh7 33. Re1 {[#]} Rxe3 $1 {White did not feel at home in the position after the opening. Accuracy: White = 28%, Black = 93%.} 0-1

[Event "4th ChessMates Murmansk 2020"]
[Site "Murmansk"]
[Date "2020.03.13"]
[Round "2.13"]
[White "Golikov, Daniil"]
[Black "Kirakosyan, Ashot"]
[Result "1-0"]
[WhiteElo "2229"]
[BlackElo "1911"]
[Annotator "TA"]
[PlyCount "67"]
[EventDate "2020.03.13"]
[EventType "team-tourn"]
[EventCountry "RUS"]
[SourceTitle "playchess.com"]
[Source "ChessBase"]
[SourceQuality "1"]

{[%evp 9,66,2,39,42,48,50,64,57,65,58,59,60,117,113,131,130,137,91,87,87,141,106,132,82,149,150,166,149,170,176,270,253,531,535,638,493,520,459,530,520,500,397,393,379,558,542,551,546,519,521,29989,29989,29995,29996,29997,29998,29998,29999,29999]} 1. d4 d5 2. c4 e6 3. Nc3 Nf6 4. cxd5 exd5 5. Bg5 Nc6 6. e3 {D35: Queen's Gambit Declined: Exchange Variation.} Be6 7. Bd3 Be7 8. Nge2 {White is slightly better.} O-O {[#]} 9. Nf4 $146 ({Predecessor:} 9. O-O Nb4 10. Bb1 h6 11. Bh4 Qd7 12. a3 Nc6 13. b4 Rad8 14. Na4 g5 15. Bg3 Bd6 {0-1 (67) Federau,J (2095)-Trebbin,W (1919) Berlin 2019}) 9... Nb4 10. Bb1 c5 {[#]} (10... Qd7 $14) 11. dxc5 $1 $16 ({Much weaker is} 11. Bxf6 $6 Bxf6 12. dxc5 (12. Nxe6 fxe6 13. dxc5 Na6 $15) 12... d4 $11) 11... Bxc5 12. a3 Na6 13. Bxf6 Qxf6 14. Nfxd5 Qh4 (14... Qh6 $142) 15. O-O Rad8 16. Be4 f5 ({Black should try} 16... Nc7) 17. Bf3 Nc7 18. Qb3 Rf7 19. Rad1 Rd6 (19... Qh6 {was necessary.} 20. Qa4 Nxd5) 20. Qc2 $18 g5 $2 (20... Rdd7 21. Nf4 Bd6) 21. g3 Qh3 {Black hopes to continue with ...Bxd5.} 22. Bg2 Qh5 23. b4 Bxd5 24. Nxd5 Rh6 {[%csl Gh6][%cal Rh5h2]} 25. h3 Bd6 26. Nxc7 Bxc7 (26... Rxc7 {keeps fighting.} 27. Qxf5 Qg6) 27. Bd5 {Qxc7 is the strong threat.} Qxh3 {[%csl Gh6][%cal Rh3h2]} 28. Bxf7+ Kf8 {[%csl Gh6][%cal Rh3h2]} 29. Qc5+ {[%mdl 64] Double Attack} Kg7 {[%csl Gh6][%cal Rh3h2]} 30. Qc3+ {White mates.} Kf8 31. Qh8+ Ke7 {[#]} 32. Rd7+ $1 {[%mdl 576] Decoy} Kxd7 33. Qe8+ Kd6 34. Rd1# {Accuracy: White = 81%, Black = 48%.} 1-0

[Event "4th ChessMates Murmansk 2020"]
[Site "Murmansk"]
[Date "2020.03.13"]
[Round "2.14"]
[White "Mamoshin, Oleg"]
[Black "Vetrov, Ivan"]
[Result "1/2-1/2"]
[WhiteElo "1648"]
[BlackElo "1799"]
[Annotator "NA"]
[PlyCount "66"]
[EventDate "2020.03.13"]
[EventType "team-tourn"]
[EventCountry "RUS"]
[SourceTitle "playchess.com"]
[Source "ChessBase"]
[SourceQuality "1"]
[TimeControl "5400+30"]

1. e4 {[%emt 0:00:00]} c6 {[%emt 0:00:00]} 2. d4 {[%emt 0:00:00]} d5 {[%emt 0:00:00]} 3. Nc3 {[%emt 0:00:00]} dxe4 {[%emt 0:00:00]} 4. Nxe4 {[%emt 0:00:00]} Bf5 {[%emt 0:00:05]} 5. Ng3 {[%emt 0:00:00]} Bg6 {[%emt 0:00:04]} 6. h4 {[%emt 0:00:00]} h6 {[%emt 0:00:05]} 7. Nf3 {[%emt 0:00:04]} Nd7 {[%emt 0:00:06]} 8. h5 {[%emt 0:00:05]} Bh7 {[%emt 0:00:04]} 9. Bd3 {[%emt 0:00:04]} Bxd3 {[%emt 0:00:05]} 10. Qxd3 {[%emt 0:00:05]} e6 {[%emt 0:00:04]} 11. Bd2 {[%emt 0:01:17]} Ngf6 {[%emt 0:00:03]} 12. Ne4 {[%emt 0:02:15]} Nxe4 {[%emt 0:01:50]} 13. Qxe4 {[%emt 0:00:05]} Nf6 {[%emt 0:00:30]} 14. Qe2 {[%emt 0:00:17]} Qd5 {[%emt 0:02:49]} 15. Qe5 {[%emt 0:15:10]} Bd6 {[%emt 0:03:20]} 16. Qxd5 {[%emt 0:00:11]} cxd5 {[%emt 0:00:02]} 17. Ne5 {[%emt 0:08:37]} Ke7 {[%emt 0:03:46]} 18. f3 {[%emt 0:03:26]} Rac8 {[%emt 0:01:55]} 19. Rc1 {[%emt 0:04:47]} Nd7 {[%emt 0:02:54]} 20. Nxd7 {[%emt 0:05:10]} Kxd7 {[%emt 0:00:02]} 21. Ke2 {[%emt 0:00:07]} Rc4 {[%emt 0:03:25]} 22. Kd3 {[%emt 0:03:58]} Be7 {[%emt 0:03:58]} 23. b3 {[%emt 0:03:45]} Rc6 {[%emt 0:01:13]} 24. c4 {[%emt 0:01:30]} dxc4+ {[%emt 0:11:29]} 25. Rxc4 {[%emt 0:00:16]} Rhc8 {[%emt 0:02:59]} 26. Rhc1 {[%emt 0:02:03]} f5 {[%emt 0:02:19]} 27. Bf4 {[%emt 0:03:55]} Bf6 {[%emt 0:17:36]} 28. Be5 {[%emt 0:08:08]} Bxe5 {[%emt 0:02:46]} 29. dxe5 {[%emt 0:00:05]} Rxc4 {[%emt 0:00:23]} 30. Rxc4 {[%emt 0:00:13]} Rxc4 {[%emt 0:02:44]} 31. Kxc4 {[%emt 0:01:47]} Kc6 {[%emt 0:00:40]} 32. b4 {[%emt 0:00:51]} a6 {[%emt 0:01:26]} 33. a4 {[%emt 0:00:41]} b5+ {[%emt 0:01:33]} 1/2-1/2

[Event "4th ChessMates Murmansk 2020"]
[Site "Murmansk"]
[Date "2020.03.13"]
[Round "2.15"]
[White "Zhuravlev, Aleksandr"]
[Black "Khripachenko, Alexander"]
[Result "1/2-1/2"]
[WhiteElo "2059"]
[BlackElo "1773"]
[Annotator "ChessBase"]
[PlyCount "78"]
[EventDate "2020.03.13"]
[EventType "team-tourn"]
[EventCountry "RUS"]
[SourceTitle "playchess.com"]
[Source "ChessBase"]
[SourceQuality "1"]
[TimeControl "5400+30"]

1. e4 {[%emt 0:00:00]} c5 {[%emt 0:00:00]} 2. Nf3 {[%emt 0:00:00]} d6 {[%emt 0:00:00]} 3. d4 {[%emt 0:00:00]} Nf6 {[%emt 0:00:00]} 4. Nc3 {[%emt 0:00:00]} cxd4 {[%emt 0:00:00]} 5. Nxd4 {[%emt 0:00:00]} a6 {[%emt 0:00:00]} 6. Be3 {[%emt 0:00:00]} e6 {[%emt 0:00:00]} 7. Bd3 {[%emt 0:05:02]} Be7 {[%emt 0:00:22]} 8. O-O {[%emt 0:01:31]} Qc7 {[%emt 0:01:59]} 9. Kh1 {[%emt 0:07:16]} b5 {[%emt 0:01:00]} 10. f4 {[%emt 0:00:55]} Bb7 {[%emt 0:00:34]} 11. Qf3 {[%emt 0:02:34]} Nbd7 {[%emt 0:01:29]} 12. Rae1 {[%emt 0:01:30]} b4 {[%emt 0:05:13]} 13. Nb1 {[%emt 0:02:11]} O-O {[%emt 0:02:00]} 14. Nd2 {[%emt 0:02:51]} Nc5 {[%emt 0:01:37]} 15. Bg1 {[%emt 0:03:34]} Na4 {[%emt 0:12:27]} 16. Rb1 {[%emt 0:02:37]} Nc5 {[%emt 0:01:58]} 17. Qe2 {[%emt 0:02:12]} Rac8 {[%emt 0:01:53]} 18. N4b3 {[%emt 0:01:11]} Nxd3 {[%emt 0:01:39]} 19. cxd3 {[%emt 0:00:07]} d5 {[%emt 0:01:15]} 20. e5 {[%emt 0:00:36]} Nd7 {[%emt 0:00:10]} 21. Rbc1 {[%emt 0:04:42]} Qb8 {[%emt 0:00:52]} 22. Bd4 {[%emt 0:02:17]} Rxc1 {[%emt 0:01:44]} 23. Rxc1 {[%emt 0:00:07]} Rc8 {[%emt 0:00:08]} 24. Qe1 {[%emt 0:00:13]} Bc6 {[%emt 0:04:20]} 25. Nc5 {[%emt 0:02:33]} Bb5 {[%emt 0:02:05]} 26. Nxd7 {[%emt 0:01:50]} Bxd7 {[%emt 0:00:17]} 27. Nb3 {[%emt 0:00:36]} Ba4 28. Rxc8+ {[%emt 0:02:25]} Qxc8 {[%emt 0:07:41]} 29. Qc1 {[%emt 0:00:40]} Qxc1+ {[%emt 0:01:10]} 30. Nxc1 g5 31. g3 {[%emt 0:00:58]} gxf4 {[%emt 0:00:32]} 32. gxf4 {[%emt 0:00:03]} Kg7 {[%emt 0:00:31]} 33. b3 {[%emt 0:04:18]} Bb5 {[%emt 0:00:09]} 34. Kg2 {[%emt 0:00:05]} Kg6 {[%emt 0:00:06]} 35. Kf3 {[%emt 0:00:30]} Kf5 {[%emt 0:00:45]} 36. Bb6 {[%emt 0:01:03]} f6 {[%emt 0:03:40]} 37. Bd4 {[%emt 0:04:45]} fxe5 {[%emt 0:00:23]} 38. Bxe5 {[%emt 0:00:05]} Bc5 {[%emt 0:01:50]} 39. h3 {[%emt 0:01:37]} h5 {[%emt 0:00:25]} 1/2-1/2

[Event "4th ChessMates Murmansk 2020"]
[Site "Murmansk"]
[Date "2020.03.13"]
[Round "2.16"]
[White "Morar, Kirill"]
[Black "Kataev, Aleksandr"]
[Result "0-1"]
[WhiteElo "1271"]
[BlackElo "1978"]
[Annotator "ChessBase"]
[PlyCount "72"]
[EventDate "2020.03.13"]
[EventType "team-tourn"]
[EventCountry "RUS"]
[SourceTitle "playchess.com"]
[Source "ChessBase"]
[SourceQuality "1"]
[TimeControl "5400+30"]

1. e4 {[%emt 0:00:00]} c5 {[%emt 0:00:00]} 2. Nf3 {[%emt 0:00:00]} Nc6 {[%emt 0:00:00]} 3. d4 {[%emt 0:00:00]} cxd4 {[%emt 0:00:00]} 4. Nxd4 {[%emt 0:00:00]} e5 {[%emt 0:00:00]} 5. Nb3 {[%emt 0:01:21]} d6 {[%emt 0:00:13]} 6. Nc3 {[%emt 0:00:41]} Nf6 {[%emt 0:04:30]} 7. Bg5 {[%emt 0:00:23]} Be7 {[%emt 0:01:39]} 8. Bxf6 {[%emt 0:02:49]} Bxf6 {[%emt 0:00:13]} 9. Nd5 {[%emt 0:00:41]} O-O {[%emt 0:01:08]} 10. Qf3 {[%emt 0:07:17]} Be7 {[%emt 0:01:38]} 11. Bc4 {[%emt 0:00:41]} Kh8 {[%emt 0:02:10]} 12. O-O {[%emt 0:20:58]} f5 {[%emt 0:12:37]} 13. Rad1 {[%emt 0:05:32]} fxe4 {[%emt 0:03:12]} 14. Qxe4 {[%emt 0:01:22]} Bf5 {[%emt 0:00:18]} 15. Qe2 {[%emt 0:00:09]} Bg5 {[%emt 0:11:53]} 16. Ne3 {[%emt 0:02:48]} Bg6 {[%emt 0:01:12]} 17. Qd2 {[%emt 0:01:34]} Rf6 {[%emt 0:08:42]} 18. c3 {[%emt 0:02:24]} Qe8 {[%emt 0:14:24]} 19. Qd5 {[%emt 0:01:24]} Rd8 {[%emt 0:01:32]} 20. Qb5 {[%emt 0:04:46]} Bh5 {[%emt 0:03:21]} 21. Rde1 {[%emt 0:04:09]} Qd7 {[%emt 0:01:48]} 22. Nd2 {[%emt 0:05:54]} a6 {[%emt 0:01:37]} 23. Qb6 {[%emt 0:01:37]} d5 {[%emt 0:03:58]} 24. Nxd5 {[%emt 0:04:30]} Bxd2 {[%emt 0:00:16]} 25. Nxf6 {[%emt 0:00:21]} gxf6 {[%emt 0:00:18]} 26. Re4 {[%emt 0:03:37]} Bf4 {[%emt 0:04:24]} 27. f3 {[%emt 0:03:04]} Bg6 {[%emt 0:07:17]} 28. Ree1 {[%emt 0:01:14]} Bf7 {[%emt 0:06:03]} 29. Bxf7 {[%emt 0:03:15]} Qxf7 {[%emt 0:00:08]} 30. Rd1 {[%emt 0:00:57]} Rg8 {[%emt 0:00:12]} 31. g3 {[%emt 0:05:01]} Qh5 {[%emt 0:02:00]} 32. Rf2 {[%emt 0:10:35]} e4 {[%emt 0:02:28]} 33. Rdf1 {[%emt 0:02:05]} Qg5 {[%emt 0:03:24]} 34. Re2 {[%emt 0:01:01]} Bxg3 {[%emt 0:00:58]} 35. hxg3 {[%emt 0:00:32]} Qxg3+ {[%emt 0:00:06]} 36. Kh1 {[%emt 0:00:07]} Qh3+ {[%emt 0:00:06]} 0-1